Meranie spokojnosti zákazníkov v podnikateľskom subjekte kúpeľného cestovného ruchu
Výsledky dotazníkového prieskumu, ktorý sa uskutočnil v podniku kúpeľného cestovného ruchu (trojhviezdičkový penzión) v okrese Stará Ľubovňa. Cieľom prieskumu bolo zistiť spokojnosť zákazníkov s poskytovanými službami.
Uložené v:
| Hlavný autor: | |
|---|---|
| Médium: | Kapitola |
| Jazyk: | Slovak |
| Predmet: | |
| Tagy: |
Žiadne tagy, Buďte prvý, kto otaguje tento záznam!
|
MARC
| LEADER | 00000naa$a2200000$$$4500 | ||
|---|---|---|---|
| 001 | 0051326 | ||
| 005 | 20240502071610.8 | ||
| 041 | 0 | |a slo | |
| 044 | |a SK | ||
| 245 | 1 | 0 | |a Meranie spokojnosti zákazníkov v podnikateľskom subjekte kúpeľného cestovného ruchu |c Zuzana Žembová |
| 520 | |a Výsledky dotazníkového prieskumu, ktorý sa uskutočnil v podniku kúpeľného cestovného ruchu (trojhviezdičkový penzión) v okrese Stará Ľubovňa. Cieľom prieskumu bolo zistiť spokojnosť zákazníkov s poskytovanými službami. | ||
| 610 | 2 | 0 | |a ruch cestovný kúpeľný |
| 610 | 2 | 0 | |a penzióny |
| 610 | 2 | 0 | |a kvalita |
| 610 | 2 | 0 | |a služby |
| 610 | 2 | 0 | |a zákazníci |
| 610 | 2 | 0 | |a oddych |
| 610 | 2 | 0 | |a prieskum štatistický |
| 100 | 1 | |a Žembová, Zuzana | |